|
|
|
|
| LEADER |
01924nam a2200337 a 4500 |
| 001 |
480763 |
| 008 |
120805s1985 nyua b 001 0 eng d |
| 010 |
|
|
|a 84027258
|
| 020 |
|
|
|a 0416378102 (pbk.)
|
| 020 |
|
|
|a 0416378005 (hard)
|
| 040 |
|
|
|a DLC
|c DLC
|d DLC
|d BD-DhAAL
|
| 082 |
0 |
0 |
|a 809.3/9355
|2 19
|
| 100 |
1 |
|
|a Bowlby, Rachel,
|d 1957-
|
| 245 |
1 |
0 |
|a Just looking :
|b consumer culture in Dreiser, Gissing, and Zola /
|c Rachel Bowlby.
|
| 260 |
|
|
|a New York :
|b Methuen,
|c c1985.
|
| 300 |
|
|
|a xi, 188 p. :
|b ill. ;
|c 22 cm.
|
| 504 |
|
|
|a Includes bibliographical references (p. 155-183.) and index.
|
| 541 |
|
|
|e 00025861
|
| 650 |
|
0 |
|a Fiction
|y 19th century
|x History and criticism.
|
| 650 |
|
0 |
|a Fiction
|y 20th century
|x History and criticism.
|
| 650 |
|
0 |
|a Naturalism in literature.
|
| 650 |
|
0 |
|a Consumption (Economics) in literature.
|
| 600 |
1 |
0 |
|a Dreiser, Theodore,
|d 1871-1945
|x Political and social views.
|
| 600 |
1 |
0 |
|a Gissing, George,
|d 1857-1903
|x Political and social views.
|
| 600 |
1 |
0 |
|a Zola, Emile,
|d 1840-1902
|x Political and social views.
|
| 852 |
4 |
|
|a Ayesha Abed Library
|j General shelf.
|
| 999 |
|
|
|c 12718
|d 12718
|
| 952 |
|
|
|0 0
|1 0
|4 0
|6 809_393550000000000_BOW
|7 0
|9 20965
|a BRACUL
|b BRACUL
|c GEN
|d 2012-08-06
|e Development Book Agency
|g 9590.00
|l 0
|o 809.39355 BOW
|p 3010025861
|r 2012-08-06
|t 1
|w 0000-00-00
|y BK
|x Available
|
| 952 |
|
|
|0 0
|1 0
|4 0
|6 809_393550000000000_BOW
|7 0
|9 20966
|a BRACUL
|b BRACUL
|c GEN
|d 2012-08-06
|e Development Book Agency
|g 9590.00
|l 0
|o 809.39355 BOW
|p 3010025862
|r 2012-08-06
|t 2
|w 0000-00-00
|y BK
|x Available
|
| 952 |
|
|
|0 0
|1 0
|4 0
|6 809_393550000000000_BOW
|7 0
|9 20967
|a BRACUL
|b BRACUL
|c GEN
|d 2012-08-06
|e Development Book Agency
|g 9590.00
|l 0
|o 809.39355 BOW
|p 3010025863
|r 2012-08-06
|t 3
|w 0000-00-00
|y BK
|x Available
|
| 952 |
|
|
|0 0
|1 0
|4 0
|6 809_393550000000000_BOW
|7 0
|9 20968
|a BRACUL
|b BRACUL
|c GEN
|d 2012-08-06
|e Development Book Agency
|g 9590.00
|l 1
|m 2
|o 809.39355 BOW
|p 3010025864
|r 2013-03-13
|s 2013-03-02
|t 4
|w 0000-00-00
|y BK
|x Available
|